Sport general knowledge - Statistics

General Stats
  • This quiz has been taken 1,269 times
  • The average score is 16 of 25
Answer Stats
Hint Answer % Correct
Which country has won the most medals at the olympics? USA
92%
Who holds the World Record for the fastest 100m time? Usain Bolt
91%
Who won the 2003 Rugby World Cup? England
88%
Who won Wimbledon in 2012? Roger Federer
83%
In tennis, who has won the French open the most times? Rafael Nadal
81%
In Golf, who won the PGA championship in 2006 and 2007? Tiger Woods
81%
Who has scored the most goals in a 38 game season for Manchester United? Cristiano Ronaldo
79%
Who was signed by Real Madrid for a world record transfer fee of £85.3 million? Gareth Bale
77%
Where was the 1998 football world cup held? France
74%
Who holds the record for the most premier league goals? Alan Shearer
72%
Who has won the most Gold medals at the olympics? Michael Phelps
72%
Who won the 2007 Cricket World Cup? Australia
71%
In Formula 1, which track is the British Grand Prix held at? Silverstone
70%
In Formula 1, who won the 2008 drivers World Championship? Lewis Hamilton
67%
Which cricket ground is known as the Home Of Cricket? Lords
66%
Which city was the 2000 olympics held? Sydney
66%
Who is the record goal scorer for chelsea? Frank Lampard
64%
Who has won the Premier League/Division1 13 times? Arsenal
63%
Which city is hosting the 2020 olympics? Tokyo
59%
Who has won the premier league golden boot the most times? Thierry Henry
54%
Who has scored the most amount of test match hundreds for England? Alistair Cook
45%
In International Rugby Union, who is the record point scorer? Dan Carter
37%
In golf, who won the 2011 US Open? Rory McIlroy
35%
In Rugby Union, who has made the most appearances for England? Jason Leonard
15%
Who has scored the most runs in ODI cricket for Sri Lanka? Sanath Jayasuriya
8%
No matching quizzes found
Score Distribution
Percent of People with Each Score
Percentile by Number Answered
Your Score History
You have not taken this quiz